Discrete-Event System Simulation
Guardat en:
| Autors principals: | , , , |
|---|---|
| Format: | Llibre |
| Idioma: | anglès |
| Publicat: |
Upper Saddle River
Pearson Education
2010
|
| Matèries: | |
| Etiquetes: |
Afegir etiqueta
Sense etiquetes, Sigues el primer a etiquetar aquest registre!
|
MARC
| LEADER | 00000nam a2200000 a 4500 | ||
|---|---|---|---|
| 001 | UCH7428 | ||
| 003 | CL-VaPUC | ||
| 008 | 091112e20100000us |||||||||||||||||eng|d | ||
| 020 | |a 9780136062127 | ||
| 082 | 0 | 4 | |a 003.83 |b BAN |2 21 |
| 100 | 0 | |a Banks, Jerry |e author |9 543858 | |
| 700 | 0 | |a Carson, John S |e author |9 543859 | |
| 700 | |a Nelson, Barry L. |e author |9 543860 | ||
| 700 | 0 | |a Nicol, David M |e author |9 543861 | |
| 245 | 1 | 0 | |a Discrete-Event System Simulation |
| 300 | |a 622 p | ||
| 942 | |c BK | ||
| 945 | |d 20091112 00:00:00 |a dcastane | ||
| 260 | |a Upper Saddle River |b Pearson Education |c 2010 | ||
| 650 | 7 | |a SISTEMA DE DISEÑO DISCRETO |2 CL-VaPUC |9 543862 | |
| 650 | 0 | |a Modelos matemáticos |9 259437 | |
| 650 | 7 | |a SIMULACION ANALOGICA |2 CL-VaPUC |9 359709 | |
| 650 | 7 | |a METODOS DE SIMULACION |2 CL-VaPUC |9 260497 | |
| 650 | 0 | |a Proceso de datos |9 259776 | |
| 650 | 0 | |a Teoría de probabilidades |9 336944 | |
| 650 | 0 | |a Investigación operativa |9 259383 | |
| 583 | |a last modification |c 20171204 01:25:33 |k Rodrigo Vera | ||
| 999 | |c 338025 |d 338023 | ||
| 952 | |0 0 |1 0 |4 0 |6 003_830000000000000_BAN_2010 |7 0 |8 A |9 430811 |a BIBING |b BIBING |d 2019-11-22 |i 461786K |o 003.83 BAN 2010 |p 461786K |r 2024-01-25 |w 2019-11-22 |y BK |k EII | ||